Normal view
MARC view
- Abdul Rahman,
Entry Personal Name
001 - CONTROL NUMBER
- control field: 8269
003 - CONTROL NUMBER IDENTIFIER
- control field: OSt
005 - DATE AND TIME OF LATEST TRANSACTION
- control field: 20170525153830.0
008 - FIXED-LENGTH DATA ELEMENTS
- fixed length control field: 170525|| aca||aabn | a|a d
040 ## - CATALOGING SOURCE
- Original cataloging agency: OSt
- Transcribing agency: OSt
100 ## - HEADING--PERSONAL NAME
- Personal name: Abdul Rahman,
- Titles and other words associated with a name: Tunku, Putra al-Haj,
- Dates associated with a name: 1903-1990
670 ## - SOURCE DATA FOUND
- Source citation: Work cat.: (OSt)0: Tunku Abdul Rahman Putra Al-Haj, 2008

PORTAL AKMAL
E-MEL JKDM
AKMAL2U
G-BAM
u-PUSTAKA